Akciová spoločnosť jej organizačné a finančné riadenie aktuálny stav: Apríl 2003

Bibliographic Details
Format: Electronic
Language:Slovak
PhysicalDescription:1 elektronický optický disk (CD-ROM)
Published: Bratislava Verlag Dashöfer 2003
Subjects:

MARC

LEADER 00000nmm a2200000 a 4500
001 vtls001455862
003 SK-MaSNL
005 20260302073050.0
008 130607s2003 xo va 0 slo
015 |a SNBS2003/03-01400 
035 |a SNK000411169 
040 |a SNK  |b slo  |c SNK  |e AACR2 
044 |a xo  |c SK 
072 7 |a 658  |x Riadenie a správa podniku  |2 konspekt 
072 7 |a 34  |x Právo  |2 konspekt 
080 |a 658.114.4  |2 1981 
080 |a 340.133  |2 1981 
080 |a (0.034.4)  |2 1981 
080 |a 658.114.4:347.725:334.722(086.86)  |2 2. slo 
080 |a 347.725  |2 2. slo 
080 |a 334.722  |2 2. slo 
245 1 |a Akciová spoločnosť jej organizačné a finančné riadenie  |h elektronický zdroj  |b aktuálny stav: Apríl 2003 
256 |a Počítačové dáta 
260 |a Bratislava  |b Verlag Dashöfer  |c 2003 
300 |a 1 elektronický optický disk (CD-ROM) 
500 |a CD-ROM je neoddeliteľnou súčasťou príručky 
500 |a Elektronické dokumenty 
650 0 7 |a obchodné spoločnosti  |x akciové spoločnosti  |x právne predpisy  |x elektronické dokumenty  |2 SNK  |9 737012 
650 0 7 |a akciové spoločnosti  |x obchodné spoločnosti  |x právne predpisy  |x elektronické dokumenty  |2 SNK  |9 737013 
650 0 7 |a spoločnosti obchodné  |x spoločnosti akciové  |x predpisy právne  |x dokumenty elektronické  |2 SNK  |9 297009 
650 0 7 |a spoločnosti akciové  |x predpisy právne  |x dokumenty elektronické  |2 SNK  |9 737014 
655 7 |a elektronické dokumenty  |2 SNK  |9 70518 
655 7 |a elektronické dokumenty  |2 SNK  |9 70518 
999 |c 1159299  |d 1161229 
952 |t P60, <03>, [DIGIT], {603}  |a SNK  |b SNK  |y PREZ  |7 0  |p 17A0387544  |o snkSCDM 131/2003/4  |i snkJK 269/2003  |0 0  |1 0  |4 0  |d 2003-06-30  |l 0  |r 2005-01-02 00:00:00  |w 2026-02-24 
952 |a SNK  |b SNK  |y PREZ  |7 0  |p 17A0387543  |o snkSCDM 131/2003/4 D1  |i snkJK 270/2003  |0 0  |1 0  |4 0  |d 2003-06-30  |l 0  |r 2005-01-02 00:00:00  |w 2026-02-24